| 000 | 00838nam a22002057a 4500 | ||
|---|---|---|---|
| 003 | NALT | ||
| 005 | 20211130121027.0 | ||
| 008 | 211130b th ||||| |||| 00| 0 tha d | ||
| 040 | _aNALT | ||
| 050 |
_aAC 159 _bด211ค |
||
| 100 | 0 |
_954991 _aดวงพร จำปาศรี |
|
| 245 |
_aความรู้รอบตัว : ฉบับเสริมสร้างประสบการณ์ชีวิต / _cดวงพร จำปาศรี. |
||
| 260 |
_aกรุงเทพฯ : _bเสริมวิทย์บรรณาคาร, _cม.ป.ป. |
||
| 300 |
_a256 หน้า : _bภาพประกอบ ; _c19 ซม. |
||
| 490 | _aชุดเรียนเก่ง | ||
| 650 | 0 |
_97244 _aความรู้ทั่วไป |
|
| 850 | _aNALT | ||
| 942 |
_2lcc _cGB |
||
| 998 |
_bkornsiririn _h7560 _j7560 _k กรศิริรินทร์ รัตนสุภา |
||
| 999 |
_c98699 _d98699 |
||